Normal view
MARC view
Entry Nombre personal
001 - NÚMERO DE CONTROL
- campo de control: 186931
003 - IDENTIFICADOR DEL NÚMERO DE CONTROL
- campo de control: CHAP
005 - FECHA Y HORA DE LA ÚLTIMA TRANSACCIÓN
- campo de control: 20230508133600.0
008 - DATOS DE LONGITUD FIJA
- campo de control de longitud fija: 230508|| aca||aabn | a|a d
040 ## - FUENTE DE LA CATALOGACIÓN
- Centro catalogador/agencia de origen: mxchpua
100 ## - ENCABEZAMIENTO-NOMBRE DE PERSONA
- Nombre de persona: Agrawal, Ashok K.
- Fechas asociadas al nombre: 1942-
374 ## - OCUPACIÓN
- Ocupación: Traductor de libros
